Представление документа в формате MARC21

Поле Инд. ПП Название Значение
Тип записи a
Библиографический уровень m
001 Контрольный номер 00a1037bbeb543e49374b08c9370b2e4
005 Дата корректировки 20260702153452.4
040 a Служба первич. каталог. 10013504
b Код языка каталог. rus
e Правила каталог. PSBO
041 0_ a Код языка текста rus
090 a Полочн. индекс 355
x Авторский знак К 893
r Идентификатор организации 10013504
100 1_ a Автор Кузьмин А.В.
245 10 a Заглавие Кантемировцы
b Продолж. заглавия боевой путь 4-го гвардейского танкового Кантемировского ордена Ленина Краснознаменного корпуса: военно-исторический очерк
260 a Место издания Москва
b Издательство Воениздат
c Дата издания 1971
300 a Объем 318, [1] с.
b Иллюстрации/ тип воспроизводства ил., карт.
653 0_ a Ключевые слова ВЕЛИКАЯ ОТЕЧЕСТВЕННАЯ ВОЙНА (1941-1945); ТАНКОВЫЕ ВОЙСКА; КАНТЕМИРОВСКИЙ ТАНКОВЫЙ КОРПУС
700 12 a Другие авторы Краснов И.И.
901 t Тип документа m
952 a Тип литературы для КСУ ВШ КНпР